| 000 | 00557nam a22002057a 4500 | ||
|---|---|---|---|
| 999 |
_c2512 _d2512 |
||
| 003 | AR-CdUCM | ||
| 008 | 190304b ||||| |||| 00| 0 spa d | ||
| 040 |
_aMUNICIPALIDAD PROVINCIAL DEL CUSCO _cBIBLIOTECA MUNICIPAL DEL CUSCO |
||
| 041 | _heng | ||
| 082 |
_a868.79 / _bT48 |
||
| 100 |
_aThomas, Dylan _98926 |
||
| 245 | _aCon distinta piel / | ||
| 260 |
_aBuenos Aires : _bMunchnik, _c1957 |
||
| 300 |
_a109 páginas ; _c19 cm. |
||
| 650 |
_aNovela _95 |
||
| 650 |
_aLiteratura _9416 |
||
| 650 |
_aFicción _9184 |
||
| 942 |
_2ddc _cLIBROS |
||
| 945 | _admma | ||